Behaviorálny vplyv podnikateľských subjektov pri environmentálnych daniach bakalárska práca

Uložené v:
Podrobná bibliografia
Hlavný autor: Gegušová, Gabriela
Korporativný autor: Fakulta podnikového manažmentu EU. Katedra podnikových financií
Ďalší autori: Vavrová, Katarína, 1960-
Médium: Kniha
Jazyk:Slovak
Vydavateľské údaje: Bratislava 2025
Tagy: Pridať tag
Žiadne tagy, Buďte prvý, kto otaguje tento záznam!

MARC

LEADER 00000nbm a2200000 4500
001 0309877
005 20260108094854.7
041 0 |a slo 
044 |a SK 
245 1 0 |a Behaviorálny vplyv podnikateľských subjektov pri environmentálnych daniach  |b bakalárska práca  |c Gabriela Gegušová ; školiteľ: Katarína Vavrová 
264 1 |a Bratislava  |c 2025 
300 |a 56 s. 
100 1 |a Gegušová, Gabriela 
700 1 |a Vavrová, Katarína, 1960- 
710 2 |a Fakulta podnikového manažmentu EU. Katedra podnikových financií